000 00263nam a2200109Ia 4500
008 220204s9999 xx 000 0 und d
082 _a035
_bPET
100 _aPeters, B Gugy
245 0 _aPolitics of bureaucracy
260 _aNew York
_bLongman
_c1978
942 _cBK
999 _c29152
_d29152